000 00628nam a2200241Ia 4500
003 OSt
005 20221005115938.0
006 a|||||r|||| 00| 0
007 ta
008 221004b |||||||| |||| 00| 0 eng d
024 _a51778
037 _cTextual
040 _aCRL
_cCRL
_beng
041 _2eng
_aeng
082 _aR3v55:N3, G1.1
100 _aJones W Tudor
_9628297
245 0 _aContemporary thought of Germany V 1
260 _c1931
490 _aLibrary of contemporary thought; 5
650 _aPHILOSOPHY
942 _hR3v55:N3, G1.1
_cTEXL
_2cc
999 _c1036374
_d1036374